Statistics for Countries with Compulsory military service

Click here to take the quiz!

General Stats

  • This quiz has been taken 24 times
  • The average score is 41 of 67

Answer Stats

HintAnswer% Correct
Compulsory military service for both genders (But never enforced)China
90%
Both compulsory and voluntary military serviceChina
90%
Civilian, unarmed or non-combatant service optionIran
90%
Compulsory military service for both gendersIsrael
90%
Military service limited to 1 year or lessRussia
90%
Civilian, unarmed or non-combatant service optionRussia
90%
Military service limited to 1 year or lessTurkey
90%
Military service limited to 1 year or lessGreece
85%
Selective conscriptionMexico
85%
Civilian, unarmed or non-combatant service optionMexico
85%
Compulsory military service for both gendersSouth Korea
85%
Compulsory military service for both gendersNorth Korea
80%
Military service limited to 1 year or lessBrazil
75%
Civilian, unarmed or non-combatant service optionFinland
75%
Both compulsory and voluntary military serviceKuwait
75%
Compulsory military service for both gendersNorway
75%
Civilian, unarmed or non-combatant service optionNorway
75%
Conscription to be abolished in the near futureUkraine
75%
Selective conscriptionVietnam
75%
Civilian, unarmed or non-combatant service optionBelarus
70%
Military service limited to 1 year or lessColombia
70%
Both compulsory and voluntary military serviceColombia
70%
Military service limited to 1 year or lessFrance
70%
Both compulsory and voluntary military serviceFrance
70%
Compulsory military service for both gendersMorocco
70%
Military service limited to 1 year or lessMorocco
70%
Civilian, unarmed or non-combatant service optionSweden
70%
Military service limited to 1 year or lessSweden
70%
Compulsory military service for both gendersSweden
70%
Both compulsory and voluntary military serviceThailand
70%
Military service limited to 1 year or lessKazakhstan
65%
Conscription to be abolished in the near futureKazakhstan
65%
Military service limited to 1 year or lessMongolia
65%
Military service limited to 1 year or lessAlgeria
60%
Compulsory military service for both gendersChad
60%
Selective conscriptionChad
60%
Civilian, unarmed or non-combatant service optionDenmark
60%
Civilian, unarmed or non-combatant service optionEstonia
60%
Military service limited to 1 year or lessEstonia
60%
Military service limited to 1 year or lessKyrgyzstan
60%
Civilian, unarmed or non-combatant service optionLithuania
60%
Both compulsory and voluntary military serviceTaiwan
60%
Military service limited to 1 year or lessTunisia
60%
Military service limited to 1 year or lessUzbekistan
60%
Civilian, unarmed or non-combatant service optionAustria
55%
Military service limited to 1 year or lessGuatemala
55%
Military service limited to 1 year or lessParaguay
55%
Civilian, unarmed or non-combatant service optionParaguay
55%
Military service limited to 1 year or lessQatar
55%
Civilian, unarmed or non-combatant service optionSwitzerland
55%
Military service limited to 1 year or lessBolivia
50%
Selective conscriptionNiger
50%
Civilian, unarmed or non-combatant service optionAngola
45%
Compulsory military service, voluntary military service and selective conscriptionMali
45%
Conscription to be abolished in the near futureMoldova
45%
Military service limited to 1 year or lessMoldova
45%
Both compulsory and voluntary military serviceSingapore
45%
Civilian, unarmed or non-combatant service optionCyprus
40%
Selective conscriptionEl Salvador
40%
Selective conscriptionSenegal
40%
Selective conscriptionGuinea-Bissau
35%
Selective conscriptionBenin
30%
Selective conscriptionEquatorial Guinea
25%
Compulsory military service for both gendersEritrea
25%
Compulsory military service for both gendersCape Verde
15%
Compulsory military service, voluntary military service and selective conscriptionCape Verde
15%
Both compulsory and voluntary military serviceBermuda
0%

Score Distribution

Percentile by Number Answered

Percent of People with Each Score

Your Score History

You have not taken this quiz